<?xml version="1.0" encoding="UTF-8"?><?xml-stylesheet type="text/xsl" href="static/style.xsl"?><OAI-PMH xmlns="http://www.openarchives.org/OAI/2.0/" xmlns:xsi="http://www.w3.org/2001/XMLSchema-instance" xsi:schemaLocation="http://www.openarchives.org/OAI/2.0/ http://www.openarchives.org/OAI/2.0/OAI-PMH.xsd"><responseDate>2026-06-01T06:11:02Z</responseDate><request verb="GetRecord" identifier="oai:riuma.uma.es:10630/33131" metadataPrefix="marc">https://riuma.uma.es/rest/oai/request</request><GetRecord><record><header><identifier>oai:riuma.uma.es:10630/33131</identifier><datestamp>2026-02-03T10:51:32Z</datestamp><setSpec>com_10630_2254</setSpec><setSpec>col_10630_37953</setSpec></header><metadata><record xmlns="http://www.loc.gov/MARC21/slim" xmlns:dcterms="http://purl.org/dc/terms/" xmlns:doc="http://www.lyncode.com/xoai" xmlns:xsi="http://www.w3.org/2001/XMLSchema-instance" xsi:schemaLocation="http://www.loc.gov/MARC21/slim http://www.loc.gov/standards/marcxml/schema/MARC21slim.xsd">
   <leader>00925njm 22002777a 4500</leader>
   <datafield ind2=" " ind1=" " tag="042">
      <subfield code="a">dc</subfield>
   </datafield>
   <datafield ind2=" " ind1=" " tag="720">
      <subfield code="a">Torres-Jaén, María Josefa</subfield>
      <subfield code="e">author</subfield>
   </datafield>
   <datafield ind2=" " ind1=" " tag="720">
      <subfield code="a">Montañez-Vega, María Isabel</subfield>
      <subfield code="e">author</subfield>
   </datafield>
   <datafield ind2=" " ind1=" " tag="720">
      <subfield code="a">Ruiz-Sanchez, Antonio Jesus</subfield>
      <subfield code="e">author</subfield>
   </datafield>
   <datafield ind2=" " ind1=" " tag="260">
      <subfield code="c">2010</subfield>
   </datafield>
   <datafield ind2=" " ind1=" " tag="520">
      <subfield code="a">Background: Skin testing of subjects with immediate hypersensitivity to amoxicillin&#xd;
is performed using major and minor determinants of benzylpenicillin plus amoxicillin.&#xd;
However, sensitivity is not optimal, and other determinants need to be considered.&#xd;
We assessed the sensitivity of stable, well-characterized minor determinants of&#xd;
amoxicillin in subjects with immediate allergic reactions to amoxicillin to improve&#xd;
skin test sensitivity.&#xd;
Methods: Amoxicillin, amoxicilloic acid, and diketopiperazine were prepared and&#xd;
characterized by reverse-phase HPLC, tested in vivo by skin testing and in vitro by&#xd;
basophil activation test and RAST inhibition assay.&#xd;
Results: Patients with immediate hypersensitivity to amoxicillin were selected: Group&#xd;
A (n = 32), skin test positive just to amoxicillin; Group B (n = 19), skin test positive&#xd;
to benzylpenicillin determinants; Group C (n = 10), skin test negative and&#xd;
amoxicillin drug provocation test positive. In Group A, 27 subjects (81.8%) were&#xd;
skin test positive to amoxicillin, ten (30.3%) to amoxicilloic acid, two (6.1%) to&#xd;
diketopiperacine, and six (18.2%) negative. In Group B, nine (50%) were positive&#xd;
to amoxicillin, eight (42.1%) to amoxicilloic acid, none to diketopiperacine, and&#xd;
nine (50%) negative. In Group C, skin tests were negative. BAT was positive to&#xd;
amoxicillin in 26 patients (50.9%), to amoxicilloic acid in 15 (29.1%), and diketopiperazine&#xd;
in four (7.8%). RAST inhibition studies showed > 50% inhibition in all&#xd;
sera, with the highest concentration of amoxicillin and amoxicilloic acid.&#xd;
Conclusions: The combination of minor determinants of amoxicillin, amoxicilloic&#xd;
acid, and diketopiperazine seems to be of no greater value than the use of amoxicillin&#xd;
alone. Further efforts are needed to find new structures to improve sensitivity in&#xd;
the diagnosis of immediate hypersensitivity to betalactams.</subfield>
   </datafield>
   <datafield ind1="8" ind2=" " tag="024">
      <subfield code="a">Torres, M.J., Ariza, A., Fernández, J., Moreno, E., Laguna, J.J., Montañez, M.I., Ruiz-Sanchez, A.J. and Blanca, M. (2010), Role of minor determinants of amoxicillin in the diagnosis of immediate allergic reactions to amoxicillin. Allergy, 65: 590-596. https://doi.org/10.1111/j.1398-9995.2009.02245.x</subfield>
   </datafield>
   <datafield ind1="8" ind2=" " tag="024">
      <subfield code="a">https://hdl.handle.net/10630/33131</subfield>
   </datafield>
   <datafield ind1="8" ind2=" " tag="024">
      <subfield code="a">10.1111/j.1398-9995.2009.02245.x</subfield>
   </datafield>
   <datafield tag="653" ind2=" " ind1=" ">
      <subfield code="a">Alergia a los medicamentos</subfield>
   </datafield>
   <datafield tag="653" ind2=" " ind1=" ">
      <subfield code="a">Penicilina - Efectos secundarios</subfield>
   </datafield>
   <datafield ind2="0" ind1="0" tag="245">
      <subfield code="a">Role of minor determinants of amoxicillin in the diagnosis of immediate allergic reactions to amoxicillin.</subfield>
   </datafield>
</record>
</metadata></record></GetRecord></OAI-PMH>